| 000 | 00669nam a2200301Ia 4500 | ||
|---|---|---|---|
| 005 | 20260401122414.0 | ||
| 008 | 008 250103s9999 xx 000 0 eng d | ||
| 020 | _a9781843312338 | ||
| 037 | _aTB | ||
| 040 | _aEDL | ||
| 040 | _beng | ||
| 040 | _cEDL | ||
| 041 | _2eng | ||
| 041 | _aeng | ||
| 084 | _a823.80 LOW | ||
| 084 | _qEDL | ||
| 100 |
_aLowe, Brigid _91233513 |
||
| 245 | 0 | _aVictorian Fiction and the Insights of Sympathy | |
| 245 | 0 | _cLowe, Brigid | |
| 260 | _aLondon | ||
| 260 | _bAnthem Press | ||
| 260 | _c2007 | ||
| 300 | _a260p | ||
| 942 | _cTB | ||
| 942 | _h823.80 LOW | ||
| 999 |
_c1847059 _d1847059 |
||